000 00229 a2200109 4500
001 51074
040 _cAnchieta - Pituba
240 1 0 _aComo ensinar valores
_l
245 1 0 _aComo ensinar valores
650 4 _aEducação
942 _cMX
999 _c51074
_d51074